[Event "Dundee & Angus Congress Major"]
[Site "Dundee"]
[Date "2011.10.14"]
[Round "1"]
[White "Duke, Harvey"]
[Black "McDonald, Angus"]
[Result "0-1"]
[WhiteElo "1309"]
[BlackElo "1575"]
[PlyCount "62"]
[EventDate "2011.10.14"]
[EventType "swiss"]
[EventRounds "5"]
[EventCountry "SCO"]
[SourceTitle "EXT 2023"]
[Source "ChessBase"]
[SourceDate "2022.10.05"]
[SourceVersion "1"]
[SourceVersionDate "2022.10.05"]
[SourceQuality "1"]

1. d4 d5 2. c4 e6 3. e3 c6 4. Nc3 Nf6 5. Bd3 dxc4 6. Bxc4 b5 7. Bd3 Bb4 8. Nge2 0-0 9. 0-0 Bb7 10. Qc2 Qe7 11. Bd2 Bd6 12. Ne4 Nxe4 13. Bxe4 f5 14. Bd3 Nd7 15. f4 Rac8 16. Qb3 a6 17. Rac1 c5 18. dxc5 Nxc5 19. Rxc5 Bxc5 20. Nd4 Bd5 21. Qd1 Rcd8 22. Qh5 Rf6 23. Rf2 Rg6 24. Nf3 Qd6 25. Kh1 Bxf3 26. Qxf3 Qxd3 27. Bc1 Qd5 28. Qe2 Qxa2 29. e4 Qc4 30. Qxc4 bxc4 31. e5 Rd3 0-1